Las Negociaciones colectivas en 1975

Guardado en:
Bibliografiske detaljer
Institution som forfatter: Asociación Latinoamericana de Libre Comercio
Format: Texto
Udgivet: s.l.: Asociación Latinoaméricana de Libre Comercio
Tags: Tilføj Tag
Ingen Tags, Vær først til at tagge denne postø!

MARC

LEADER 00000 a a2200000 04500
001 25266
003
040
090 |a 180700  
110 |a Asociación Latinoamericana de Libre Comercio  
245 |a Las Negociaciones colectivas en 1975  
260 |a s.l.:   |b Asociación Latinoaméricana de Libre Comercio  
300 |a 57 p  
500 |a Versión preliminar preparada por un grupo técnico de la secretaría, sujeta a revisión  
999 |c 17463  |d 17463